Neurología pediátrica

Gardado en:
Detalles Bibliográficos
Main Authors: Fejerman, Natalio (Author), Fernández Alvarez, Emilio (Author)
Formato: Libro
Idioma:Lingua castelá
Publicado: Buenos Aires Médica Panamericana 2007
Edición:3a. ed
Subjects:
Tags: Engadir etiqueta
Sen Etiquetas, Sexa o primeiro en etiquetar este rexistro!

MARC

LEADER 00000cam a2200000 a 4500
001 UCD7580
003 CL-VaPUC
005 20231114160737.0
008 170331e20070000ag |||||||||||||||||spa|d
999 |c 367559  |d 367557 
020 |a 9789500607940 
040 |c Pontificia Universidad Católica de Valparaíso 
082 0 4 |a 616.8  |b FEJ  |2 21 
100 0 |a Fejerman, Natalio  |e author  |9 591577 
245 1 0 |a Neurología pediátrica 
250 |a 3a. ed 
260 |a Buenos Aires  |b Médica Panamericana  |c 2007 
300 |a 1120 p 
583 |a last modification  |c 20170331 00:58:00  |k Rodrigo Vera 
650 0 |a Neurología pediátrica  |9 885855  |x Niños recién nacidos  |x Diagnóstico prenatal 
650 0 |a Sistema nervioso  |9 266815  |x Enfermedades 
650 0 |a Neurogenética  |9 885859 
650 0 |a Desmielinización  |9 885861 
700 0 |a Fernández Alvarez, Emilio  |e author  |9 591578 
942 |c BK  |2 ddc 
945 |d 20170331 00:58:00  |a dcastane 
952 |0 0  |1 0  |3 erd  |4 0  |6 616_800000000000000_FEJ_2007  |7 0  |8 A  |9 482505  |a BIBCUR  |b BIBCUR  |i 5369789  |o 616.8 FEJ 2007  |p 5369789  |r 2025-04-22  |w 2019-11-24  |y BK  |z Catalogado en:20170331  |k KIN 
952 |0 0  |1 0  |3 erd  |4 0  |6 616_800000000000000_FEJ_2007  |7 0  |8 A  |9 482506  |a BIBCUR  |b BIBCUR  |i 5369770  |l 2  |o 616.8 FEJ 2007  |p 5369770  |r 2025-04-22  |s 2024-08-06  |w 2019-11-24  |y BK  |z Catalogado en:20170331  |k KIN 
952 |0 0  |1 0  |3 erd  |4 0  |6 616_800000000000000_FEJ_2007  |7 0  |8 A  |9 482507  |a BIBCUR  |b BIBCUR  |i 5369762  |o 616.8 FEJ 2007  |p 5369762  |r 2025-04-22  |w 2019-11-24  |y BK  |z Catalogado en:20170331  |k KIN 
952 |0 0  |1 0  |3 erd  |4 0  |6 616_800000000000000_FEJ_2007  |7 0  |8 A  |9 482508  |a BIBCUR  |b BIBCUR  |i 5438217  |o 616.8 FEJ 2007  |p 5438217  |r 2025-04-22  |w 2019-11-24  |y BK  |z Catalogado en:20171124  |k TEM 
952 |0 0  |1 0  |3 erd  |4 0  |6 616_800000000000000_FEJ_2007  |7 0  |8 A  |9 482509  |a BIBCUR  |b BIBCUR  |i 5438225  |o 616.8 FEJ 2007  |p 5438225  |r 2025-04-22  |w 2019-11-24  |y BK  |z Catalogado en:20171124  |k TEM 
952 |0 0  |1 0  |3 erd  |4 0  |6 616_800000000000000_FEJ_2007  |7 0  |8 A  |9 482510  |a BIBCUR  |b BIBCUR  |i 5438233  |l 1  |o 616.8 FEJ 2007  |p 5438233  |r 2025-04-22  |s 2022-03-28  |w 2019-11-24  |y BK  |z Catalogado en:20171124  |k TEM 
952 |0 0  |1 0  |3 erd  |4 0  |6 616_800000000000000_FEJ_2007  |7 0  |8 A  |9 482511  |a BIBCUR  |b BIBCUR  |i 5438241  |l 2  |m 2  |o 616.8 FEJ 2007  |p 5438241  |r 2025-04-22  |s 2022-10-05  |w 2019-11-24  |y BK  |z Catalogado en:20171124  |k TEM 
952 |0 0  |1 0  |3 erd  |4 0  |6 616_800000000000000_FEJ_2007  |7 0  |8 A  |9 482512  |a BIBCUR  |b BIBCUR  |i 5447720  |l 4  |o 616.8 FEJ 2007  |p 5447720  |r 2025-04-22  |s 2025-03-24  |w 2019-11-24  |y BK  |z Catalogado en:20180114  |k TEM